Tematické mapy organizácia poznania IV.

Podrobná bibliografia
Hlavný autor: Grešková, Mirka (Autor)
Médium: Článok
Jazyk:slovenčina
Fyzický popis:Obr., sch.
ISSN:1335-4787
Predmet:

MARC

LEADER 00000nab a2200000 a 4500
001 vtls009505960
003 SK-MaSNL
005 20260304153203.0
008 250506c2008 xo |||||||||||000 b|slo
015 |a SNBRB2009/05  |2 snkbucl 
035 |a (uuid)cd58d97a-dc3a-456a-857e-95dbb6456b2e 
035 |a urn:nbn:sk:snk-ab1ftp 
035 |a (urnnbn)urn:nbn:sk:snk:ar-0038ah 
038 |a SNKBUCL 
040 |a SNKBUCL  |b slo  |c SNKBUCL  |e AACR2 
041 0 |a slo 
044 |a xo  |c SK 
080 |a 004.738.52:004.822  |2 2001 
080 |a 001.101  |2 2001 
080 |a 001.103  |2 2001 
080 |a 004.652  |2 2001 
080 |a 004.822  |2 2001 
100 1 |a Grešková, Mirka  |4 aut  |9 412084 
245 1 0 |a Tematické mapy  |b organizácia poznania  |n IV.  |c Mirka Grešková 
300 |b Obr., sch. 
500 |a Pokračovanie 
650 0 7 |a sémantický web  |2 SNKPH  |9 98023 
650 0 7 |a organizácia poznania  |2 snkbucl  |9 1476192 
650 0 7 |a tematické mapy (výpočtová technika)  |2 snkbucl  |9 1476193 
773 0 |t Infoware  |g Č. 11 (2008), s. 58-59  |x 1335-4787 
850 |a Slovenská národná knižnica 
852 |a Slovenská národná knižnica 
954 |a odborná, vedecká literatúra pôvodná (slovenská)  |2 lita 
958 |a article2022 
958 |a OND 
958 |a EUIPO 
999 |c 2952813  |d 2954743